000 00597nam a2200265Ia 4500
005 20260306164135.0
008 008 260114s9999 xx 000 0 eng d
020 _a9781501701863
037 _aEBOOK
040 _aCRL
040 _beng
040 _cCRL
041 _2eng
041 _aeng
084 _qCRL
100 _aVerene
_9918763
245 0 _aVico's "New Science"
260 _bCornell University Press
260 _c2016
650 _aPhilosophy
856 _uhttps://academic.oup.com/book/21538
942 _cEBOOK
999 _c1712908
_d1712908